THE CLASSICAL AGE (4/4) (Record no. 379831)

MARC details
000 -LEADER
fixed length control field 00405nam a2200169Ia 4500
008 - FIXED-LENGTH DATA ELEMENTS--GENERAL INFORMATION
fixed length control field 100122s9999 xx 000 0 und d
082 ## - DEWEY DECIMAL CLASSIFICATION NUMBER
Classification number 954
082 ## - DEWEY DECIMAL CLASSIFICATION NUMBER
Item number 65082
100 ## - MAIN ENTRY--PERSONAL NAME
Personal name MAJUMDAR R C
245 ## - TITLE STATEMENT
Title THE CLASSICAL AGE (4/4)
250 ## - EDITION STATEMENT
Edition statement 0
260 ## - PUBLICATION, DISTRIBUTION, ETC. (IMPRINT)
Name of publisher, distributor, etc BHARATIYA VIDYA BHAVAN
Date of publication, distribution, etc 1997
300 ## - PHYSICAL DESCRIPTION
Extent 758
630 ## - SUBJECT ADDED ENTRY--UNIFORM TITLE
Uniform title THE CLASSICAL AGE (4/4)
730 ## - ADDED ENTRY--UNIFORM TITLE
Uniform title THE CLASSICAL AGE (4/4)
942 ## - ADDED ENTRY ELEMENTS (KOHA)
Koha item type Book
Holdings
Withdrawn status Lost status Damaged status Not for loan Home library Current library Shelving location Date acquired Cost, normal purchase price Total Checkouts Full call number Barcode Date last seen Cost, replacement price Price effective from Koha item type Public note
        S.V. Pathak Library, Vile Parle S.V. Pathak Library, Vile Parle   03/31/2008 400.00   65082 SVPPARLE-65082 01/25/2010 400.00 01/25/2010 Book ", , General, NA"